| 000 | 00000nas 2200000zi 4500 |
| 001 | 9.933791 |
| 003 | CaOODSP |
| 005 | 20240415161122 |
| 006 | m o d f |
| 007 | cr ||||||||||| |
| 008 | 240212c20249999oncar p o||||f0 b0fre| |
| 040 | |aCaOODSP|bfre |
| 043 | |an-cn--- |
| 086 | 1 |aR101-10F-PDF |
| 110 | 2 |aSavoir polaire Canada.|eauteur,|eorganisme de publication. |
| 245 | 10|aÉtat des résultats prospectif (non audité). |
| 264 | 1|aOttawa : |bSavoir polaire Canada,|c[2023]- |
| 310 | |aAnnuel |
| 336 | |atexte|btxt|2rdacontent/fre |
| 337 | |ainformatique|bc|2rdamedia/fre |
| 338 | |aressource en ligne|bcr|2rdacarrier/fre |
| 362 | 1 |aParaît depuis : 2023/2024. |
| 500 | |aPublié aussi en anglais sous le titre : Future-oriented statement of operations (unaudited). |
| 588 | |aDescription d'après : 2023/2024. |
| 588 | |aDernière livraison consultée : 2023/2024. |
| 610 | 26|aSavoir polaire Canada|vPériodiques. |
| 650 | 6|aFinances publiques|zCanada|xPrévision|vPériodiques. |
| 655 | 7|aPériodiques|2rvmgf |
| 775 | 08|tFuture-oriented statement of operations (unaudited).|w(CaOODSP)9.933792 |